[Event "Rated Blitz game"]
[Site "?"]
[Date "2021.07.30"]
[Round "?"]
[White "JIELtm"]
[Black "Fantastic_power06"]
[Result "1/2-1/2"]
[WhiteElo "2623"]
[BlackElo "2658"]
[PlyCount "105"]
[EventDate "2021.??.??"]
[EventType "blitz"]

1. e4 e5 2. Nf3 d5 3. Nxe5 Bd6 4. d4 dxe4 5. Bc4 Bxe5 6. dxe5 Qxd1+ 7. Kxd1 Nc6
8. Bf4 Bf5 9. Nd2 Nge7 10. Re1 Ng6 11. Bg3 Ngxe5 12. Bd5 O-O-O 13. Bxe4 Bxe4
14. Rxe4 Rhe8 15. c3 f5 16. Re2 g5 17. Bxe5 Nxe5 18. Kc2 Ng4 19. Rae1 Rxe2 20.
Rxe2 Nxh2 21. f3 g4 22. Re7 Rh8 23. Rf7 gxf3 24. gxf3 h5 25. Rg7 h4 26. Rg2 Ng4
27. fxg4 h3 28. Rh2 fxg4 29. Ne4 Rg8 30. Ng3 Rf8 31. Kd2 Rf3 32. Ne4 Rf1 33.
Ke2 Rb1 34. Ke3 Rf1 35. Rf2 Re1+ 36. Kf4 b6 37. Ng3 Ra1 38. a3 Kb7 39. Kxg4 Kc6
40. Kxh3 Kb5 41. Kg4 Ka4 42. Kf3 Kb3 43. Nf5 Rb1 44. Nd4+ Ka2 45. Nb5 Rxb2 46.
Rxb2+ Kxb2 47. Ke4 c6 48. Nxa7 Kxc3 49. Nxc6 Kb3 50. Kd5 Kxa3 51. Nd4 Ka4 52.
Kc6 b5 53. Nxb5 {Normal} 1/2-1/2

[Event "Rated Blitz tournament Ib4eMCk4"]
[Site "?"]
[Date "2021.07.30"]
[Round "?"]
[White "Shahinyan_ChessMood"]
[Black "Secret2700"]
[Result "1-0"]
[WhiteElo "2631"]
[BlackElo "2538"]
[PlyCount "49"]
[EventDate "2021.??.??"]
[EventType "blitz"]

1. e4 e5 2. Nf3 d5 3. d4 dxe4 4. Nxe5 Bd6 5. Nc4 Nf6 6. Nc3 O-O 7. Ne3 Re8 8.
Be2 Nc6 9. h3 h6 10. Nb5 Bf8 11. c3 a6 12. Na3 Bxa3 13. bxa3 Nd5 14. Nxd5 Qxd5
15. Be3 f5 16. c4 Qf7 17. Qd2 g5 18. g3 b5 19. h4 g4 20. cxb5 axb5 21. Bxh6 b4
22. Rc1 Ne7 23. Rxc7 Be6 24. Qg5+ Kh7 25. Bb5 {Normal} 1-0

[Event "Rated Blitz tournament Ib4eMCk4"]
[Site "?"]
[Date "2021.07.30"]
[Round "?"]
[White "Dr_Martic"]
[Black "Secret2700"]
[Result "1-0"]
[WhiteElo "2620"]
[BlackElo "2541"]
[PlyCount "55"]
[EventDate "2021.??.??"]
[EventType "blitz"]

1. e4 e5 2. Nf3 d5 3. Nxe5 Bd6 4. d4 dxe4 5. Bc4 Bxe5 6. dxe5 Qxd1+ 7. Kxd1 Nc6
8. Bf4 Bg4+ 9. Kc1 O-O-O 10. Bxf7 Nge7 11. e6 Nd4 12. Nc3 Bxe6 13. Bxe6+ Nxe6
14. Be3 Nf5 15. Re1 Rhe8 16. b3 g5 17. Kb2 Nf4 18. g3 Ng2 19. Bxg5 Nxe1 20.
Bxd8 Nxc2 21. Kxc2 Rxd8 22. Rd1 e3 23. Rxd8+ Kxd8 24. f4 Ke7 25. Kd3 h5 26.
Nd5+ Kd6 27. Nxe3 Ne7 28. Ke4 {Normal} 1-0

[Event "Rated Blitz game"]
[Site "?"]
[Date "2021.07.30"]
[Round "?"]
[White "Grig1959"]
[Black "Taabling"]
[Result "0-1"]
[WhiteElo "2363"]
[BlackElo "2484"]
[PlyCount "100"]
[EventDate "2021.??.??"]
[EventType "blitz"]

1. e4 e5 2. Nf3 d5 3. Nxe5 Bd6 4. d4 dxe4 5. Nc4 Nf6 6. Nc3 Bb4 7. Be2 Nc6 8.
Be3 O-O 9. O-O Bxc3 10. bxc3 Nd5 11. Qd2 f5 12. Bg5 Qe8 13. Ne3 Nf6 14. Rab1 b6
15. Bc4+ Kh8 16. Bxf6 Rxf6 17. Nd5 Rf7 18. Qf4 Be6 19. Nxc7 Rxc7 20. Bxe6 Re7
21. d5 Rxe6 22. dxe6 Qxe6 23. Rfd1 Ne5 24. Rd4 h6 25. Rbd1 Rf8 26. Rd6 Qe7 27.
R1d5 Ng6 28. Qg3 Nh4 29. Rd7 Qg5 30. Qxg5 hxg5 31. Rxa7 Rc8 32. Ra3 Rc6 33. Rb5
Rd6 34. Kf1 Rd2 35. Rb2 e3 36. fxe3 Nxg2 37. Rxb6 Nxe3+ 38. Ke1 Rxh2 39. Ra5 g4
40. Rg6 Kh7 41. Raa6 Nxc2+ 42. Kd1 Ne3+ 43. Kc1 f4 44. Rg5 f3 45. Rag6 Nf5 46.
Rxg4 f2 47. Rxg7+ Nxg7 48. Rf4 Rh1+ 49. Kb2 f1=Q 50. Rxf1 Rxf1 {Normal} 0-1

[Event "Rated Blitz game"]
[Site "?"]
[Date "2021.07.30"]
[Round "?"]
[White "JeanMichelMarlou"]
[Black "KamranShirazi"]
[Result "1-0"]
[WhiteElo "2559"]
[BlackElo "2575"]
[PlyCount "119"]
[EventDate "2021.??.??"]
[EventType "blitz"]

1. e4 e5 2. Nf3 d5 3. d4 dxe4 4. Nxe5 Nd7 5. Nxd7 Bxd7 6. c4 c5 7. Be3 cxd4 8.
Qxd4 Nf6 9. Nc3 b6 10. Nxe4 Bb4+ 11. Nc3 O-O 12. Be2 Bc5 13. Qd2 Bxe3 14. fxe3
Qc7 15. O-O Bc6 16. Bf3 Rad8 17. Qe2 Qe5 18. Bxc6 Rd6 19. Bd5 Re8 20. Rae1 Re7
21. Qf3 h5 22. Nb5 Ng4 23. g3 Rf6 24. Qg2 Nxe3 25. Rxf6 Qxf6 26. Qf2 Qg5 27.
Bxf7+ Kh7 28. Qf4 Qc5 29. Qd4 Qf5 30. Rxe3 Rxf7 31. Qe4 Kh6 32. Qxf5 Rxf5 33.
Kg2 a6 34. Nd4 Rc5 35. b3 b5 36. Re6+ g6 37. Rxa6 bxc4 38. Rc6 Ra5 39. Rxc4
Rxa2+ 40. Rc2 Ra8 41. Rb2 Rd8 42. Nf3 Rd5 43. b4 Rb5 44. Nd4 Rb6 45. b5 Kg5 46.
Kf3 Kf6 47. Ke4 Ke7 48. h4 Kd6 49. Nf3 Kc5 50. Ne5 Re6 51. Kf4 Kd6 52. Nc4+ Kc5
53. b6 Rf6+ 54. Kg5 Rf7 55. b7 Rf8 56. b8=Q Rf5+ 57. Kxg6 Rd5 58. Qc7+ Kd4 59.
Rd2+ Ke4 60. Qf4# {Normal} 1-0

[Event "Rated Blitz game"]
[Site "?"]
[Date "2021.07.30"]
[Round "?"]
[White "Ianniello"]
[Black "JH0NYuTANGCo"]
[Result "1-0"]
[WhiteElo "2464"]
[BlackElo "2486"]
[PlyCount "99"]
[EventDate "2021.??.??"]
[EventType "blitz"]

1. e4 e5 2. Nf3 d5 3. d3 dxe4 4. dxe4 Qxd1+ 5. Kxd1 Nc6 6. Bd3 Bg4 7. Nbd2 Nf6
8. h3 Bh5 9. g4 Bg6 10. c3 O-O-O 11. Ke2 Bc5 12. b4 Bxf2 13. b5 Na5 14. Nxe5
Bh4 15. Nxg6 hxg6 16. Ba3 Rhe8 17. Bb4 b6 18. Bxa5 bxa5 19. Rad1 Nd7 20. Bc4 f5
21. Bf7 Re7 22. Bxg6 fxe4 23. Nxe4 Rde8 24. Bxe8 Rxe4+ 25. Kf3 Rxe8 26. Rd5 Bf6
27. c4 Nb6 28. Rc5 Bd4 29. Rc6 Re3+ 30. Kf4 Rc3 31. Rd1 Bf6 32. g5 Be7 33. Rd4
Rxh3 34. Kf5 Rf3+ 35. Kg6 Rg3 36. Kxg7 Rxg5+ 37. Kf7 Bd8 38. c5 Nd7 39. Re6
Nxc5 40. Rg6 Rf5+ 41. Kg8 Ne6 42. Rxe6 Bh4 43. Rh6 Bf6 44. Rd3 Be5 45. Kh7 Bd6
46. Rg6 Rxb5 47. Rgxd6 Kb7 48. Rd7 Rc5 49. R3d5 Rc2 50. Rb5+ {Time forfeit} 1-0

[Event "Rated Blitz game"]
[Site "?"]
[Date "2021.07.30"]
[Round "?"]
[White "Pescaderocalvo"]
[Black "ahoramahora"]
[Result "0-1"]
[WhiteElo "2490"]
[BlackElo "2411"]
[PlyCount "26"]
[EventDate "2021.??.??"]
[EventType "blitz"]

1. e4 e5 2. Nf3 d5 3. Nxe5 Bd6 4. d4 dxe4 5. Nc4 Nf6 6. Nxd6+ Qxd6 7. Nc3 O-O
8. Bc4 h6 9. Be3 a6 10. a4 Nc6 11. Qd2 Bf5 12. O-O Rad8 13. h3 Nxd4 {Normal}
0-1

[Event "Rated Blitz game"]
[Site "?"]
[Date "2021.07.30"]
[Round "?"]
[White "stuffings"]
[Black "lavilaine"]
[Result "1-0"]
[WhiteElo "2459"]
[BlackElo "2428"]
[PlyCount "181"]
[EventDate "2021.??.??"]
[EventType "blitz"]

1. e4 e5 2. Nf3 d5 3. Nxe5 Qe7 4. d4 f6 5. Nd3 dxe4 6. Nf4 Be6 7. d5 Bf7 8. c4
f5 9. Nc3 Nf6 10. Be3 Nbd7 11. Qb3 Qb4 12. Be2 a5 13. O-O Bd6 14. f3 O-O 15.
fxe4 fxe4 16. Ne6 Bxe6 17. dxe6 Bc5 18. Bxc5 Nxc5 19. Qxb4 axb4 20. e7 Rfe8 21.
Nd5 Nxd5 22. cxd5 Rxe7 23. a3 bxa3 24. bxa3 Nd3 25. a4 Ra5 26. Rab1 b6 27. Rf5
Ne5 28. Bb5 e3 29. Re1 Rxb5 30. axb5 Nd3 31. Re2 Nc1 32. Re1 e2 33. Rf3 Na2 34.
Kf2 Nb4 35. Rxe2 Nxd5 36. Rxe7 Nxe7 37. Ke3 g5 38. Kd4 Kg7 39. h3 h5 40. Ke5 g4
41. hxg4 hxg4 42. Rf1 Nc8 43. Ke6 Nd6 44. Rb1 Nc4 45. Kd7 Ne3 46. g3 Ng2 47.
Kc8 Ne3 48. Kxc7 Nf5 49. Rb3 Nd4 50. Rb1 Nf5 51. Rg1 Nd4 52. Kxb6 Nf3 53. Ra1
Kf6 54. Kc5 Ne5 55. b6 Nd7+ 56. Kc6 Nxb6 57. Kxb6 Ke5 58. Ra4 Kf5 59. Rf4+ Kg5
60. Kc6 Kh5 61. Kd6 Kg5 62. Kd5 Kh5 63. Ke5 Kg5 64. Ke6 Kg6 65. Rxg4+ Kh5 66.
Rf4 Kh6 67. Ke5 Kg5 68. Ke4 Kg6 69. Kf3 Kg5 70. Kg2 Kg6 71. Kh3 Kg5 72. Rh4 Kg6
73. Ra4 Kf5 74. Ra5+ Kg6 75. g4 Kf6 76. Kh4 Ke6 77. Ra6+ Kf7 78. g5 Kg7 79. Kh5
Kf7 80. Ra7+ Ke6 81. g6 Kd5 82. Kh6 Ke5 83. g7 Kf4 84. g8=Q Ke4 85. Qf8 Kd3 86.
Rf7 Ke3 87. Re7+ Kd2 88. Qd8+ Kc3 89. Rc7+ Kb2 90. Qb8+ Ka3 91. Ra7# {Normal}
1-0

[Event "Rated Blitz game"]
[Site "?"]
[Date "2021.07.30"]
[Round "?"]
[White "JustOK"]
[Black "annaly1979"]
[Result "0-1"]
[WhiteElo "2463"]
[BlackElo "2449"]
[PlyCount "90"]
[EventDate "2021.??.??"]
[EventType "blitz"]

1. e4 e5 2. Nf3 d5 3. exd5 e4 4. Qe2 f5 5. d3 Nf6 6. dxe4 fxe4 7. Nfd2 Be7 8.
Nxe4 Nxe4 9. Qxe4 O-O 10. Nc3 Bf5 11. Qc4 Bd6 12. Bd3 Re8+ 13. Be3 Bxd3 14.
Qxd3 Nd7 15. O-O-O a6 16. Rhe1 Ne5 17. Qd4 b5 18. Bf4 Nc4 19. Kb1 Rf8 20. Bg3
Qg5 21. Ne4 Qg6 22. Nxd6 cxd6 23. b3 Na3+ 24. Kb2 Nxc2 25. Qe4 Nxe1 26. Qxg6
hxg6 27. Rxe1 Rf5 28. Re6 Rxd5 29. Rxg6 Kf7 30. Rxd6 Rxd6 31. Bxd6 Rd8 32. Bf4
b4 33. Kc2 Rc8+ 34. Kd3 Rc3+ 35. Kd2 Rc5 36. Be3 Ra5 37. Kd3 Rxa2 38. Kc4 a5
39. Bb6 Ra3 40. Kb5 Rxb3 41. Bxa5 Rb2 42. Bxb4 Rxf2 43. h4 Rxg2 44. Kc6 Rg4 45.
Be1 Ke6 {Normal} 0-1

[Event "Rated Blitz game"]
[Site "?"]
[Date "2021.07.30"]
[Round "?"]
[White "K0K0s"]
[Black "ahoramahora"]
[Result "0-1"]
[WhiteElo "2578"]
[BlackElo "2429"]
[PlyCount "45"]
[EventDate "2021.??.??"]
[EventType "blitz"]

1. e4 e5 2. Nf3 d5 3. exd5 e4 4. Qe2 Nf6 5. d3 Qxd5 6. Nbd2 Be6 7. Nxe4 Nc6 8.
Nxf6+ gxf6 9. Bf4 O-O-O 10. Qd2 Bg4 11. Be2 Re8 12. O-O Rg8 13. Bg3 h5 14. c4
Qd7 15. Rae1 Bc5 16. Nh4 Be6 17. Nf3 Bb4 18. Qf4 Bxe1 19. Rxe1 Rg4 20. Qxf6
Reg8 21. h3 Rxg3 22. Qf4 Rxg2+ 23. Kh1 {Normal} 0-1

[Event "Rated Blitz game"]
[Site "?"]
[Date "2021.07.30"]
[Round "?"]
[White "solkim86"]
[Black "Fantastic_power06"]
[Result "1-0"]
[WhiteElo "2598"]
[BlackElo "2651"]
[PlyCount "35"]
[EventDate "2021.??.??"]
[EventType "blitz"]

1. e4 e5 2. Nf3 d5 3. exd5 e4 4. Qe2 Qxd5 5. Nc3 Qd8 6. Qxe4+ Be7 7. Bc4 Nf6 8.
Qh4 O-O 9. O-O c5 10. d3 Nc6 11. Re1 Bf5 12. h3 Nb4 13. Re2 Ne4 14. Qf4 Nxc3
15. bxc3 Nd5 16. Bxd5 Qxd5 17. Rxe7 h6 18. Re5 {Normal} 1-0

[Event "Rated Blitz tournament Ib4eMCk4"]
[Site "?"]
[Date "2021.07.30"]
[Round "?"]
[White "HpRmDrNsT"]
[Black "dr_xStranger"]
[Result "0-1"]
[WhiteElo "2318"]
[BlackElo "2485"]
[PlyCount "36"]
[EventDate "2021.??.??"]
[EventType "blitz"]

1. e4 e5 2. Nf3 d5 3. Nc3 dxe4 4. Nxe4 Nf6 5. Neg5 h6 6. Nxf7 Kxf7 7. Nxe5+ Ke8
8. d4 Bd6 9. Bd3 Bxe5 10. dxe5 Nd5 11. Qh5+ Kf8 12. Qf3+ Kg8 13. O-O Be6 14.
Qg3 Ne7 15. f4 Nf5 16. Qg6 Qd7 17. g4 Qd4+ 18. Kg2 Nh4+ {Normal} 0-1

[Event "Rated Blitz game"]
[Site "?"]
[Date "2021.07.30"]
[Round "?"]
[White "Gabriel_Young"]
[Black "KamranShirazi"]
[Result "0-1"]
[WhiteElo "2441"]
[BlackElo "2555"]
[PlyCount "38"]
[EventDate "2021.??.??"]
[EventType "blitz"]

1. e4 e5 2. Nf3 d5 3. exd5 e4 4. Nd4 Qxd5 5. Nb3 Bd6 6. Nc3 Qe5 7. Be2 Bf5 8.
g3 Nc6 9. O-O O-O-O 10. Re1 Nf6 11. Bf1 h5 12. d3 h4 13. dxe4 hxg3 14. hxg3 Bb4
15. Qf3 Bxc3 16. Qxc3 Bxe4 17. Bg2 Qh5 18. Bf4 Qh1+ 19. Bxh1 Rxh1# {Normal} 0-1

[Event "Rated Blitz tournament Ib4eMCk4"]
[Site "?"]
[Date "2021.07.30"]
[Round "?"]
[White "Zhigalko_Sergei"]
[Black "dr_xStranger"]
[Result "0-1"]
[WhiteElo "2816"]
[BlackElo "2532"]
[PlyCount "90"]
[EventDate "2021.??.??"]
[EventType "blitz"]

1. e4 e5 2. Nf3 d5 3. exd5 e4 4. Qe2 Nf6 5. Nc3 Be7 6. Nxe4 O-O 7. Nxf6+ Bxf6
8. d4 Re8 9. c3 Rxe2+ 10. Bxe2 Qxd5 11. O-O Nc6 12. h3 Bf5 13. Be3 Qd7 14. Rfe1
Re8 15. Bf1 Be4 16. Nd2 Bg6 17. a4 Ne7 18. Bf4 Nd5 19. Bg3 h6 20. a5 Rxe1 21.
Rxe1 c6 22. Nc4 b5 23. Nd6 Be7 24. Ne4 f5 25. Nd2 f4 26. Bh2 b4 27. c4 Nf6 28.
Nf3 Bd6 29. c5 Bc7 30. Bc4+ Bf7 31. Bd3 Bd5 32. Ne5 Bxe5 33. Rxe5 f3 34. Bf5
Qf7 35. gxf3 Nd7 36. Bxd7 Qxd7 37. Kg2 Qf7 38. Re3 Qf5 39. a6 Be6 40. Bb8 Qxh3+
41. Kg1 Bc4 42. Re8+ Kf7 43. Re4 Qf1+ 44. Kh2 Qxf2+ 45. Kh3 Qxf3+ {Normal} 0-1

[Event "Rated Rapid game"]
[Site "?"]
[Date "2021.07.30"]
[Round "?"]
[White "basso01"]
[Black "Xantipo2"]
[Result "1-0"]
[WhiteElo "2404"]
[BlackElo "2262"]
[PlyCount "113"]
[EventDate "2021.??.??"]
[EventType "rapid"]

1. e4 e5 2. Nf3 d5 3. exd5 e4 4. Qe2 Nf6 5. Nc3 Be7 6. Nxe4 O-O 7. d3 Qxd5 8.
Bd2 Nc6 9. c4 Qd8 10. Bc3 Re8 11. O-O-O Bg4 12. h3 Bh5 13. g4 Bg6 14. Bg2 a5
15. Rhe1 Nb4 16. Nxf6+ Bxf6 17. Qxe8+ Qxe8 18. Rxe8+ Rxe8 19. Bxf6 gxf6 20. Bf1
Nxa2+ 21. Kc2 Nb4+ 22. Kc3 c5 23. Nh4 Rd8 24. f4 f5 25. Nxf5 Bxf5 26. gxf5 Rd4
27. Bg2 Rxf4 28. Rf1 Rxf1 29. Bxf1 b6 30. d4 cxd4+ 31. Kxd4 f6 32. c5 bxc5+ 33.
Kxc5 Kf8 34. Kb5 Nc2 35. Kxa5 Nd4 36. Bd3 Ke7 37. b4 Kd6 38. Ka6 Kc7 39. b5 Kb8
40. Kb6 Nf3 41. Kc5 Ng1 42. h4 Nf3 43. h5 Ne5 44. Be2 Nf7 45. Kd5 Nd8 46. Kd6
Kc8 47. Ke7 Kc7 48. Kxf6 Kd6 49. Kg7 Ke5 50. Bd3 h6 51. Kxh6 Kf6 52. Kh7 Nf7
53. b6 Ng5+ 54. Kg8 Nf7 55. b7 Nh6+ 56. Kf8 Ng4 57. b8=Q {Normal} 1-0

[Event "Rated Blitz tournament Ib4eMCk4"]
[Site "?"]
[Date "2021.07.30"]
[Round "?"]
[White "Damianlamy"]
[Black "dr_xStranger"]
[Result "0-1"]
[WhiteElo "2464"]
[BlackElo "2492"]
[PlyCount "114"]
[EventDate "2021.??.??"]
[EventType "blitz"]

1. e4 e5 2. Nf3 d5 3. Nxe5 Bd6 4. Nf3 dxe4 5. Nd4 Nf6 6. Nc3 O-O 7. Be2 Nc6 8.
Nxc6 bxc6 9. h3 Re8 10. O-O Qe7 11. d3 Qe5 12. g3 Bxh3 13. Bf4 Qf5 14. Bxd6
cxd6 15. Re1 e3 16. f3 Qg5 17. Kh2 Qh6 18. Rh1 Bf5+ 19. Kg2 Qg6 20. Qg1 Nh5 21.
Qh2 Nf4+ 22. Kf1 Nxe2 23. Kxe2 d5 24. g4 Bxg4 25. Rag1 Bxf3+ 26. Kxf3 Qf5+ 27.
Ke2 d4 28. Ne4 Rxe4 29. dxe4 Qxe4 30. Rc1 Rd8 31. Rhd1 Qg4+ 32. Ke1 h6 33. Rd3
Rd5 34. Qe2 Qg3+ 35. Kd1 Qg1+ 36. Qe1 e2+ 37. Kd2 Qg5+ 38. Kxe2 Re5+ 39. Kf1
Rxe1+ 40. Rxe1 c5 41. Re8+ Kh7 42. Re2 c4 43. Rf3 Qc1+ 44. Kg2 Qg5+ 45. Rg3
Qd5+ 46. Kf2 d3 47. cxd3 cxd3 48. Rd2 Qf5+ 49. Rf3 Qg5 50. Rdxd3 Qc5+ 51. Rfe3
Qc2+ 52. Kf3 Qc6+ 53. Re4 Qb6 54. Red4 h5 55. Rd7 Qg6 56. R7d6 Qf5+ 57. Ke2
Qg4+ {Time forfeit} 0-1

[Event "Rated Blitz game"]
[Site "?"]
[Date "2021.07.30"]
[Round "?"]
[White "GolovinLeonid"]
[Black "Fantastic_power06"]
[Result "1-0"]
[WhiteElo "2612"]
[BlackElo "2650"]
[PlyCount "121"]
[EventDate "2021.??.??"]
[EventType "blitz"]

1. e4 e5 2. Nf3 d5 3. exd5 e4 4. Ne5 Qxd5 5. d4 exd3 6. Nxd3 Nf6 7. Nc3 Qf5 8.
Be2 Bd6 9. O-O Nc6 10. Bf3 Be6 11. Be3 O-O-O 12. Bxc6 bxc6 13. Qf3 Qxf3 14.
gxf3 a6 15. Nc5 Bc4 16. Rfe1 Nd5 17. N3e4 f5 18. Nxd6+ cxd6 19. Ne6 Rde8 20.
Nd4 f4 21. Bd2 Kd7 22. b3 Bb5 23. c4 Nf6 24. cxb5 axb5 25. Rxe8 Rxe8 26. Bxf4
Nd5 27. Bd2 b4 28. Kf1 c5 29. Ne2 Kc6 30. a3 Ra8 31. a4 Nb6 32. Ng3 d5 33. Rc1
g6 34. Bxb4 Nd7 35. Bxc5 Nxc5 36. b4 Rxa4 37. bxc5 d4 38. Ne4 Ra2 39. Rb1 d3
40. Rd1 Kd5 41. Rxd3+ Ke5 42. Rd2 Ra1+ 43. Kg2 Rc1 44. Rd7 h5 45. Rg7 Kf5 46.
h4 Rc4 47. Rf7+ Ke6 48. Rf6+ Ke5 49. Rxg6 Rc1 50. Rg5+ Kf4 51. Rg8 Ke5 52. Re8+
Kf4 53. Rf8+ Ke5 54. Rc8 Kf4 55. c6 Ke5 56. c7 Kf4 57. Rf8+ Ke5 58. c8=Q Rxc8
59. Rxc8 Kf4 60. Rf8+ Ke5 61. Rf6 {Normal} 1-0

[Event "Rated Blitz game"]
[Site "?"]
[Date "2021.07.30"]
[Round "?"]
[White "master378"]
[Black "DanielPerchman"]
[Result "1-0"]
[WhiteElo "2362"]
[BlackElo "2488"]
[PlyCount "71"]
[EventDate "2021.??.??"]
[EventType "blitz"]

1. e4 e5 2. Nf3 d5 3. exd5 e4 4. Qe2 f5 5. Nd4 Nf6 6. Nc3 Bc5 7. Nb3 Bb6 8. d4
Nxd5 9. Nxd5 Qxd5 10. c3 O-O 11. Bf4 Be6 12. O-O-O Nc6 13. c4 Qd7 14. d5 Nb4
15. a3 Qa4 16. dxe6 Qxb3 17. axb4 Rfd8 18. Qc2 Qxb4 19. Be2 Re8 20. Be3 Bxe3+
21. fxe3 Rxe6 22. Qc3 Qxc3+ 23. bxc3 Ra6 24. Kb2 Rb6+ 25. Kc2 Re8 26. Rb1 g6
27. Rxb6 axb6 28. Ra1 Kf7 29. Ra7 Rb8 30. Kb3 Ke6 31. Kb4 c6 32. c5 bxc5+ 33.
Kxc5 Ke5 34. Kb6 Rd8 35. Ra2 Rd2 36. Rxd2 {Normal} 1-0

[Event "Rated Blitz game"]
[Site "?"]
[Date "2021.07.30"]
[Round "?"]
[White "khojayan-vardan"]
[Black "KamranShirazi"]
[Result "0-1"]
[WhiteElo "2521"]
[BlackElo "2535"]
[PlyCount "118"]
[EventDate "2021.??.??"]
[EventType "blitz"]

1. e4 e5 2. Nf3 d5 3. exd5 e4 4. Nd4 Qxd5 5. Nb3 Bd6 6. Nc3 Qe5 7. d4 exd3+ 8.
Be3 dxc2 9. Qxc2 Nc6 10. O-O-O Nb4 11. Qd2 Bf5 12. Bb5+ Kf8 13. Bd4 Qxb5 14.
Bxg7+ Kxg7 15. Qg5+ Kf8 16. Nxb5 Nxa2+ 17. Kd2 Bb4+ 18. Ke3 Re8+ 19. Kf3 Be4+
20. Kf4 h6 21. Qg3 Nf6 22. Qh3 Bc2 23. Rd4 c6 24. Nd6 Re6 25. Nf5 Nd5+ 26. Rxd5
cxd5 27. Nbd4 Re4+ 28. Kf3 Bc5 29. Qg3 Bxd4 30. Qb8+ Re8 31. Qd6+ Kg8 32. Nxd4
Be4+ 33. Kf4 Bg6 34. f3 Kh7 35. Ra1 Rd8 36. Qa3 Rc8 37. Rxa2 Rc4 38. Qe3 Rg8
39. b3 Rc7 40. Rd2 Rd7 41. g4 h5 42. h4 hxg4 43. fxg4 f6 44. h5 Bf7 45. Nf5 Rg5
46. Kf3 Bxh5 47. Rh2 Rxf5+ 48. Kg3 Re5 49. Qxe5 fxe5 50. Rxh5+ Kg6 51. Rxe5 d4
52. Kf2 d3 53. Ke1 d2+ 54. Kd1 Rd5 55. Rxd5 b6 56. Rd7 a5 57. Ra7 a4 58. Rb7
axb3 59. Rxb6+ Kg5 {Time forfeit} 0-1

[Event "Rated Blitz tournament Ib4eMCk4"]
[Site "?"]
[Date "2021.07.30"]
[Round "?"]
[White "greennight"]
[Black "dr_xStranger"]
[Result "0-1"]
[WhiteElo "2606"]
[BlackElo "2500"]
[PlyCount "52"]
[EventDate "2021.??.??"]
[EventType "blitz"]

1. e4 e5 2. Nf3 d5 3. exd5 e4 4. Qe2 Nf6 5. d3 Bb4+ 6. Nfd2 O-O 7. dxe4 Re8 8.
c3 Bc5 9. f3 Nxd5 10. Nb3 Bb6 11. c4 Nb4 12. c5 N8c6 13. cxb6 Be6 14. Be3 axb6
15. Na3 Bxb3 16. axb3 Ne5 17. Rd1 Qf6 18. Qd2 c5 19. Bg5 Nxf3+ 20. gxf3 Qxf3
21. Rg1 Rxe4+ 22. Be2 Rae8 23. Be3 Rxe3 24. Qxe3 Qxe3 25. Rg2 Nd3+ 26. Kf1 Nf4
{Normal} 0-1

[Event "Rated Blitz game"]
[Site "?"]
[Date "2021.07.30"]
[Round "?"]
[White "profmathe2016"]
[Black "SerialDrinker"]
[Result "1-0"]
[WhiteElo "2436"]
[BlackElo "2259"]
[PlyCount "115"]
[EventDate "2021.??.??"]
[EventType "blitz"]

1. e4 e5 2. Nf3 d5 3. Nxe5 Bd6 4. d4 dxe4 5. Nc4 Be7 6. Nc3 Nf6 7. Bg5 O-O 8.
Qd2 Nc6 9. O-O-O Bf5 10. Ne3 Bg6 11. h4 h6 12. Bf4 Nb4 13. Bc4 c6 14. g4 b5 15.
Bb3 a5 16. a3 a4 17. Ba2 Nxa2+ 18. Nxa2 Nd5 19. Nxd5 cxd5 20. g5 h5 21. Nb4 Qd7
22. Kb1 Rfc8 23. Be3 Rc4 24. c3 Rac8 25. Rc1 Bf5 26. Ka1 Bg4 27. Na2 g6 28.
Rhg1 Bf3 29. Bf4 Qh3 30. Bg3 Qf5 31. Qf4 Qxf4 32. Bxf4 Bd8 33. Nb4 e3 34. fxe3
Be4 35. Be5 Be7 36. Na2 Rd8 37. Rcf1 Bd6 38. Bxd6 Rxd6 39. Rf4 Bf5 40. Nb4 Rc7
41. Re1 Re7 42. Rf3 Be4 43. Rg3 Bf5 44. Ka2 Be4 45. Re2 Rde6 46. b3 axb3+ 47.
Kxb3 Ra7 48. Ra2 Bf5 49. a4 bxa4+ 50. Rxa4 Rb7 51. Ka3 Be4 52. Na6 f6 53. Nc5
Reb6 54. Nxb7 Rxb7 55. gxf6 Kf7 56. Ra6 Bc2 57. Rg5 Bb3 58. e4 {Time forfeit}
1-0

[Event "Rated Blitz game"]
[Site "?"]
[Date "2021.07.30"]
[Round "?"]
[White "TheSchout"]
[Black "ahoramahora"]
[Result "1-0"]
[WhiteElo "2456"]
[BlackElo "2381"]
[PlyCount "55"]
[EventDate "2021.??.??"]
[EventType "blitz"]

1. e4 e5 2. Nf3 d5 3. Nxe5 Bd6 4. d4 dxe4 5. Bc4 Bxe5 6. dxe5 Qxd1+ 7. Kxd1 Nc6
8. Bf4 Nge7 9. Re1 Ng6 10. Bg3 Bg4+ 11. Kc1 O-O-O 12. Nc3 Ncxe5 13. Rxe4 Nxc4
14. Rxc4 Rhe8 15. b3 Be6 16. Rxc7+ Kb8 17. Rxf7+ Ka8 18. Rxg7 Bf5 19. Kb2 Rd2
20. Rc1 Rc8 21. Rc7 Rxc7 22. Bxc7 Rxf2 23. Nd5 Nh4 24. Bg3 Rd2 25. Nc7+ Kb8 26.
Nb5+ Kc8 27. Bxh4 Rxg2 28. Nd6+ {Normal} 1-0

[Event "Rated Blitz game"]
[Site "?"]
[Date "2021.07.30"]
[Round "?"]
[White "Apekop"]
[Black "ahoramahora"]
[Result "1-0"]
[WhiteElo "2560"]
[BlackElo "2382"]
[PlyCount "97"]
[EventDate "2021.??.??"]
[EventType "blitz"]

1. e4 e5 2. Nf3 d5 3. exd5 e4 4. Qe2 Nf6 5. d3 Qxd5 6. dxe4 Qxe4 7. Nc3 Bb4 8.
Bd2 Qxe2+ 9. Bxe2 O-O 10. O-O-O Re8 11. Bc4 Be6 12. Bxe6 Rxe6 13. Nb5 Bxd2+ 14.
Rxd2 Na6 15. Rhd1 Rae8 16. Nfd4 Re1 17. f3 c6 18. Nd6 Rxd1+ 19. Kxd1 Re7 20.
N4f5 Rd7 21. Nxb7 Rxd2+ 22. Kxd2 g6 23. Ne7+ Kf8 24. Nxc6 Ke8 25. Nxa7 Kd7 26.
Na5 Kc7 27. N7c6 Kb6 28. a3 Nc5 29. b4 Ne6 30. c4 Nf4 31. g3 Ne6 32. a4 Nd7 33.
c5+ Ndxc5 34. bxc5+ Kxc5 35. Ne5 f6 36. Nd7+ Kb4 37. Nc6+ Kxa4 38. Nxf6 Kb5 39.
Ne5 Kc5 40. Nxh7 g5 41. Ke3 Kd5 42. Nf7 Kc6 43. Nfxg5 Nc5 44. Ne4 Ne6 45. Nhg5
Ng7 46. h4 Kd5 47. g4 Ke5 48. h5 Ne8 49. h6 {Normal} 1-0

[Event "Rated Blitz game"]
[Site "?"]
[Date "2021.07.30"]
[Round "?"]
[White "Badouuu"]
[Black "sierra92"]
[Result "0-1"]
[WhiteElo "2261"]
[BlackElo "2439"]
[PlyCount "124"]
[EventDate "2021.??.??"]
[EventType "blitz"]

1. e4 e5 2. Nf3 d5 3. exd5 e4 4. Nd4 Nf6 5. Bc4 Bc5 6. Nb3 Bb6 7. O-O O-O 8. d4
Re8 9. Bg5 Nbd7 10. a4 a5 11. Nc3 h6 12. Bh4 g5 13. Bg3 Nf8 14. Re1 Ng6 15. Nc5
Bf5 16. Nxb7 Qe7 17. Nc5 Bxc5 18. dxc5 Qxc5 19. Bb3 Rad8 20. Qd2 c6 21. Rad1
cxd5 22. Nxd5 Nxd5 23. Bxd5 Ne7 24. c4 Nxd5 25. cxd5 Be6 26. d6 Bb3 27. Rc1 Qb4
28. Qxb4 axb4 29. a5 f5 30. Re3 Bf7 31. f4 exf3 32. Rxe8+ Bxe8 33. Be5 fxg2 34.
Kxg2 Kf7 35. Rc7+ Ke6 36. Re7+ Kd5 37. Kf3 f4 38. a6 Bh5+ 39. Kf2 Kc6 40. a7
Bg4 41. d7 Bxd7 42. Bb8 Kb7 43. Rh7 Ka8 44. Rxh6 Bb5 45. Kf3 Bd7 46. Rg6 g4+
47. Kxf4 Rh8 48. Kg3 Bc8 49. Rb6 Bb7 50. Rxb4 Rc8 51. Kxg4 Rc2 52. h4 Rg2+ 53.
Kf5 Rh2 54. Kg6 Bf3 55. Rb5 Bh5+ 56. Kxh5 Rg2 57. Kh6 Rg6+ 58. Kh7 Rg7+ 59. Kh6
Rg6+ 60. Kh5 Rg7 61. Rg5 Rh7+ 62. Kg4 Rb7 {Time forfeit} 0-1

[Event "Rated Blitz game"]
[Site "?"]
[Date "2021.07.30"]
[Round "?"]
[White "GloomyHoneyBadger"]
[Black "ahoramahora"]
[Result "0-1"]
[WhiteElo "2420"]
[BlackElo "2374"]
[PlyCount "126"]
[EventDate "2021.??.??"]
[EventType "blitz"]

1. e4 e5 2. Nf3 d5 3. exd5 e4 4. Qe2 Nf6 5. Nc3 Be7 6. Nd4 O-O 7. d3 exd3 8.
Qxd3 Nxd5 9. Be2 Bb4 10. O-O c5 11. Nxd5 Qxd5 12. Nb5 Qxd3 13. Bxd3 Ba5 14. Bf4
Nc6 15. Bd6 Rd8 16. Bxc5 Be6 17. Nd6 Rd7 18. Rad1 Rad8 19. Ne4 Ne5 20. Be2 Rxd1
21. Rxd1 Rxd1+ 22. Bxd1 b6 23. Bd6 Nc4 24. Bb8 Nxb2 25. Be2 Bxa2 26. Bxa7 Bc4
27. Bxc4 Nxc4 28. Kf1 f5 29. Ng5 h6 30. Ne6 Kf7 31. Nd4 Kf6 32. Ke2 Ke5 33.
Nc6+ Kd5 34. Nxa5 bxa5 35. Kd3 g5 36. f3 g4 37. Kc3 h5 38. Bf2 gxf3 39. gxf3
Ne5 40. f4 Nc6 41. Kd3 a4 42. Be1 a3 43. Bc3 a2 44. Ba1 h4 45. Kc3 Ke4 46. Kb3
Kxf4 47. Kxa2 Ke3 48. Bf6 h3 49. Kb3 f4 50. Kc4 f3 51. Bh4 Ne5+ 52. Kd5 Ng4 53.
c4 Nxh2 54. c5 Ng4 55. c6 h2 56. c7 h1=Q 57. c8=Q Qxh4 58. Qc1+ Kf2 59. Qd2+
Kg3 60. Qe1+ f2 61. Qc3+ Kg2 62. Qd2 Qg3 63. Ke4 Qf3+ {Time forfeit} 0-1